1996 Summer Olympics Medal Count - Statistics

General Stats
  • This quiz has been taken 108 times
    67 since last reset
  • The average score is 17 of 20
Answer Stats
Medals Country % Correct
50 China
100%
65 Germany
100%
101 United States
100%
41 Australia
98%
22 Canada
97%
35 Italy
97%
63 Russia
97%
15 United Kingdom
95%
37 France
93%
17 Spain
93%
15 Brazil
92%
27 South Korea
90%
19 Netherlands
87%
17 Poland
82%
20 Romania
74%
23 Ukraine
72%
21 Hungary
70%
15 Bulgaria
69%
25 Cuba
56%
15 Belarus
44%
No matching quizzes found
Score Distribution
Percent of People with Each Score
Percentile by Number Answered
Your Score History
You have not taken this quiz since the last reset